000 00620nam a2200265Ia 4500
005 20260324153224.0
008 008 260324s9999 xx 000 0 eng d
020 _a9780128104118
037 _aEBOOK
040 _aCRL
040 _beng
040 _cCRL
041 _2eng
041 _aeng
084 _qCRL
100 _aHassani, Sadri
_91113497
245 0 _aSpecial Relativity
260 _bElsevier
260 _c2017
650 _aPhysics and Astronomy
856 _uhttps://www.sciencedirect.com/science/book/9780128104118
942 _cEBOOK
999 _c1842226
_d1842226